| 000 | 01492aam a2200325 i 4500 | ||
|---|---|---|---|
| 001 | 768714001 | ||
| 003 | CO-MdFUSB | ||
| 005 | 20240115151308.0 | ||
| 007 | ta | ||
| 008 | 231017t20012001mx a|||g |||| 00| 0 spa d | ||
| 020 | _a9685484007 | ||
| 040 |
_aCO-MdFUSB _bspa _cCO-MdFUSB _dCO-MdFUSBC _erda |
||
| 041 | _aspa | ||
| 082 |
_223 _a248.0092 _bM843 |
||
| 100 |
_aMoreno V. Julio, _eautor |
||
| 245 | 3 |
_aEl cantor de la Biblia Luis D. Salem _c/ Julio Moreno V. |
|
| 264 | 1 |
_aCoyoacán, México : _bMilamex, _c[2001] |
|
| 264 | 4 | _c©2001 | |
| 300 |
_a208 páginas _c; 21 cm |
||
| 336 |
_2rdacontent _atexto _btxt |
||
| 337 |
_2rdamedia _asin mediación _bn |
||
| 338 |
_2rdacarrier _avolumen _bnc |
||
| 505 |
_tPrimera parte. _aLa timidez -- Mi primera Biblia -- En Ibagué -- En Medellín -- En Bogotá -- Mes de la Biblia -- Viajes -- Seudónimos -- Colaboradores -- La familia. |
||
| 505 |
_tSegunda parte. _aI. Antologías mensajes: ¿Porque fracaso Babel? -- El niño en el rio -- La Zarza de Horeb -- El árbol nuestro símbolo -- II. Artículos: San Juan, mi modelo -- Algo que Gorki no tuvo en cuenta -- Altares -- III. Anecdotario: Mi caballo y yo -- Yo no soy San Pablo -- Las canas -- La balanza es mía -- Solo mío -- Corazones vacíos -- IV. Poemas: Depende del padre -- A un ramito de romero -- Llega la Aurora -- Heme aquí envíame a mí. |
||
| 505 |
_tTercera parte. _aFototeca. |
||
| 563 | _aRústico. | ||
| 650 | 7 |
_9409 _aBiografía |
|
| 942 | _cBK | ||
| 945 | _asor1564 | ||
| 999 |
_c69168 _d69168 |
||